| 000 | 00625nam a22001817a 4500 | ||
|---|---|---|---|
| 005 | 2012013004364.0 | ||
| 008 | 120130t xxu||||| |||| 00| 0 eng d | ||
| 020 | _c80.00 | ||
| 035 | _aA-879686 | ||
| 040 |
_aDPL _bENG |
||
| 100 |
_aDubey, Abhay Kumar _940414 |
||
| 245 |
_aWorld-Famous : Unsolved Mysteries / _cby Abhay Kumar Dubey |
||
| 250 | _a14th repr ed. | ||
| 260 |
_aNew Delhi _bPustak Mahal _c1998 |
||
| 300 |
_a136p. _b22cms |
||
| 942 |
_2ddc _cEN _h001.94 _mDUB |
||
| 999 |
_c61698 _d61698 |
||